INTRODUCTION TO NATURAL AND MAN-MADE DISASTER AND THEIR EFFECTS ON BUILDINGS. (Record no. 859874)

MARC details
000 -LEADER
fixed length control field 00349nam a2200121Ia 4500
008 - FIXED-LENGTH DATA ELEMENTS--GENERAL INFORMATION
fixed length control field 230822s2008 xx 000 0 und d
020 ## - INTERNATIONAL STANDARD BOOK NUMBER
International Standard Book Number 9780000000000
041 ## - LANGUAGE CODE
Language code of text/sound track or separate title eng
100 ## - MAIN ENTRY--PERSONAL NAME
Personal name MCDONALD ROXANNA.
245 ## - TITLE STATEMENT
Title INTRODUCTION TO NATURAL AND MAN-MADE DISASTER AND THEIR EFFECTS ON BUILDINGS.
260 ## - PUBLICATION, DISTRIBUTION, ETC.
Name of publisher, distributor, etc. TAYLOR AND FRANCIS
Date of publication, distribution, etc. 2008
300 ## - PHYSICAL DESCRIPTION
Extent 247

No items available.